APEC Schools

How the way we talk can change the way we work / (Record no. 7904)

000 -LEADER
fixed length control field nam a22 7a 4500
005 - DATE AND TIME OF LATEST TRANSACTION
control field 20190903005257.0
008 - FIXED-LENGTH DATA ELEMENTS--GENERAL INFORMATION
fixed length control field 190903b xxu||||| |||| 00| 0 eng d
020 ## - IDENTIFIER FOR THE MANIFESTATION
Identifier for the Manifestation 0787955353
Binding hard bound
040 ## - CATALOGING SOURCE
Language of Cataloging eng
Transcribing Agency APEC Schools Library
Description Conventions rda
082 ## - DEWEY DECIMAL CLASSIFICATION NUMBER
Classification number C 155.25
Author's Number K259h 2000
100 ## - CREATOR
Preferred Name of the Person Kegan, Robert
245 ## - TITLE AND STATEMENT OF RESPONSIBILITY
Preferred Title Proper How the way we talk can change the way we work /
Statement of Responsibility/Parallel Statement of Responsibility Robert Kegan
264 ## - PUBLICATION STATEMENT
Place of publication, distribution, etc San Francisco, CA :
Publisher's Name/Parallel Publisher's Name Jossey-Bass Publishers,
Copyright ©2000.
300 ## - PHYSICAL DESCRIPTION
Extent ix, 241 pages ;
336 ## - RDA CONTENT
Source rdacontent
Content Type text
337 ## - RDA MEDIA
Source rdamedia
Media Type unmediated
338 ## - RDA CARRIER
Source rdacarrier
Carrier Type volume
504 ## - BIBLIOGRAPHY, ETC. NOTE
Bibliography, etc Includes index.
650 ## - ADDED SUBJECT ACCESS POINT - TOPICAL TERM
Topical Term Change (Psychology).
942 ## - ADDED ENTRY ELEMENTS (KOHA)
Source of Classification
Koha Item Type Non Fiction
Holdings
Library Site Location Shelving Location Source of Acquisition Full Classification Number Accession Number Koha Item Type
APEC San Pablo, Laguna Library APEC San Pablo, Laguna Library Circulation Institutional Fund C 155.25 K259h 2000 D01-0000119 Non Fiction

Powered by Koha